| 000 | 00797nam a22002177a 4500 | ||
|---|---|---|---|
| 999 |
_c6195 _d6195 |
||
| 003 | AR-CdUCM | ||
| 008 | 190313b ||||| |||| 00| 0 spa d | ||
| 040 |
_aMUNICIPALIDAD PROVINCIAL DEL CUSCO _cBIBLIOTECA MUNICIPAL DEL CUSCO |
||
| 082 |
_a869.624 / _bS18 |
||
| 100 |
_aSalazar Tamariz, Hugo _917880 |
||
| 245 | _aPoemas desnudos / | ||
| 260 |
_aQuito : _bEditorial Casa de la Cultura Ecuatoriana, _c1958. |
||
| 300 |
_a132 páginas ; _c21 cm. |
||
| 500 | _aDonación familia Nieto | ||
| 505 | _aContenido: Declaracion -- Epistola a Neruda -- Recado al compeñero plural -- La muerte en la Paz -- Oracion para la niña Desoida -- Nosotros -- EL camino... | ||
| 650 |
_aPoesías ecuatorianas _9346 |
||
| 650 |
_aSiglo XX _98 |
||
| 650 |
_aQuito _910157 |
||
| 942 |
_2ddc _cLIBROS |
||
| 945 | _adavv | ||